| 000 | 00540nam a2200193Ia 4500 | ||
|---|---|---|---|
| 003 | IN-BaIIA | ||
| 008 | 211028s9999 xx 000 0 eng d | ||
| 020 | _a978-93-80179-03-2 | ||
| 040 | _cIIA Library | ||
| 080 |
_a524.834 _bBRE |
||
| 100 |
_aBrewster, Hilary D. _933312 |
||
| 245 | 0 |
_aRelativity _cHilary D. Brewster |
|
| 260 |
_aJaipur _bOxford Book Company _c2009 |
||
| 300 | _av, 299p. | ||
| 650 |
_aBlack holes _97728 |
||
| 650 |
_aSpacetime _99885 |
||
| 650 | _athe Universe | ||
| 942 | _cBK | ||
| 999 |
_c17612 _d17612 |
||